000 00315nam a2200121Ia 4500
008 200103s9999||||xx |||||||||||||| ||und||
040 _aIMU-MPC
082 _aColumn-12
100 _aCallendar, G.S. and Egerton, A.C.
245 4 _aThe 1939 Callendar Steam Tables
260 _bEdward Arnold & Co.
_c1949
942 _cBK
999 _c5129
_d5129